000 00787cam a2200205 4500
001 WB3618-24
008 000000n2000 000 0 eng u
035 _a(Sirsi) u105924
245 _aAgents warned to be clear over conditions
260 _c2000
490 _aNegotiator
_v15(9) 5 May 2000, 4(1)
520 _aBairstow Eves has lost a small claims court case against a woman who claimed they had agreed to sell the house and progress the sale, but had not carried out the latter. Emphasises the need for estate agents to have clearly set out terms and conditions. See also WB3616-56.
590 _aWB
650 _aESTATE AGENTS
650 _aTERMS AND CONDITIONS
650 _aBAIRSTOW EVES
650 _aCOMMISSION
690 _aPROPERTY AND LAW LAW-AGENCY
942 _n0
999 _c63425
_d63425